00337nam a2200109Ia 4500008004100000245005000041260002800091260000900119650001800128650001500146856006600161170221s9999 xx 000 0 und d aMedia and Communication: Why Another Journal? bMedia and Communication c2016 xCommunication xMedia Arts uhttp://www.librelloph.com/mediaandcommunication/issue/current